| 000 | 00532nam a22001577a 4500 | ||
|---|---|---|---|
| 020 | _qHard Cover. | ||
| 082 | _a570.2 EHS | ||
| 100 | _aMarya Ehsan. | ||
| 245 |
_aStructural Bioinformatics Protocol to Modulate O-linked β N-acetyl Glucosamine Transferase (OGT) in Cancer / _cEhsan, Marya |
||
| 260 |
_aIslamabad: _bRCMS-NUST, _c2021. |
||
| 300 |
_a69 p. : _bill. ; _c30cm. |
||
| 650 |
_aMS-Bioinformatics _981486 |
||
| 700 |
_aDr. Ishrat Jabeen _981481 |
||
| 942 |
_2ddc _cTHE |
||
| 999 |
_c586475 _d586475 |
||